000 00653nam a2200241Ia 4500
003 OSt
005 20221005102018.0
006 a|||||r|||| 00| 0
007 ta
008 221004b |||||||| |||| 00| 0 eng d
024 _a101477
037 _cTextual
040 _aCRL
_cCRL
_beng
041 _2eng
_aeng
082 _aQ4, K7
100 _aHardy R. Spence
_9466952
245 0 _aManual of Buddhism
_b In its modern development
260 _aVaranasi
_bChaowkhamba Sanskrit Series Office India
_c1967
300 _a533p.
_ccm.
650 _aRELIGION
942 _hQ4, K7
_cTEXL
_2cc
999 _c1007696
_d1007696